000 00715nam a2200241 i 4500
001 C2-0308858
003 PPAK
005 20180728095753.0
008 110516s2008 my |||| ||||| | may d
020 _a9789830996653
040 _aPPAK
_beng
_cPPAK
_erda
082 0 4 _a297.81
_223
090 0 0 _a297.81
_bSIA
_dKMI
245 0 0 _aSiapa ahli sunnah wal-jamaah? :
_bberlakunya fahaman sesat dan penyelewengan dalam Islam
264 1 _aKuala Lumpur :
_bAl-Hidayah Publications ,
_c2008
300 _axii, 320 pages ;
_c22 cm
336 _2rdacontent
_atext
337 _2rdamedia
_aunmediated
338 _2rdacarrier
_avolume
650 1 0 _aIslamic sects.
700 0 _aUmar Hasyim,
_ecompile
942 _ddc
_cB
999 _c111427
_d111427